000 00310nam a22001217a 4500
008 160420b xxu||||| |||| 00| 0 eng d
020 _a9780323071505
020 _a9780323071505
041 _aeng
080 _a618.2
245 _aNursing diagnosis handbook;
_cBetty J. Ackley; Gail B.Ladwing;
942 _2udc
_cBK
999 _c1469
_d1469